Name All The FNAF Freddy Characters - Statistics

General Stats
  • This quiz has been taken 19 times
    18 since last reset
  • The average score is 37 of 71
Answer Stats
Hint Answer % Correct
Classic Freddy Fazbear
90%
Shadow Shadow Freddy
90%
4th of July Skin Firework Freddy
80%
Glamrock Glamrock Freddy
80%
Classic Golden Freddy
80%
Toy Toy Freddy
80%
Twisted Twisted Freddy
80%
Withered Withered Freddy
80%
Blacklight Blacklight Freddy
70%
Circus Circus Freddy
70%
Springlock Hybrid Fredbear
70%
Funtime Funtime Freddy
70%
Scrap Molten Freddy
70%
Mediocre Melody Nedd Bear
70%
Nightmare Nightmare
70%
Nightmare Nightmare Fredbear
70%
Nightmare Nightmare Freddy
70%
Phantom Phantom Freddy
70%
Rockstar Rockstar Freddy
70%
Withered Withered Golden Freddy
70%
Chocolate Chocolate Freddy
60%
Nightmare Freddles
60%
Winter Skin Freddy Frostbear
60%
Glow Glow Freddy
60%
Glow Toy Glow Toy Freddy
60%
Rockstar Lefty
60%
Holiday Skin Shamrock Freddy
60%
Screampunk Skin Aeronaut Toy Freddy
50%
Balloon Balloon Freddy
50%
Winter Skin Black Ice Frostbear
50%
Hardmode Dark Freddy
50%
Halloween Dreadbear
50%
Glitter Glow Glamrock Glitter Glow Glamrock Freddy
50%
Glow Glow Golden Freddy
50%
Circus Skin Great Escape Golden Freddy
50%
Artificial Intelligence Helpi
50%
Unclassified Helpy
50%
Paper pal Paper Freddy
50%
Hardmode Party Freddy
50%
Enemy Prototype
50%
Prototype Prototype Freddy
50%
Christmas Santa Freddy
50%
Spring Colorway Spring Colorway Freddy
50%
Stitched Stitched Freddy
50%
Tie-Dye Tie-Dye Freddy
50%
Arcade Skin VR Toy Freddy
50%
Forest Skin Woodland Toy Freddy
50%
Blacklight Blacklight Glamrock Freddy
40%
Blacklight Blacklight Golden Freddy
40%
Blacklight Blacklight Toy Freddy
40%
Rockstar Carnie
40%
Ghost Freddy
40%
Golden Glow Golden Glow Toy Freddy
40%
Kiosk Mr. Helpful
40%
Kiosk Mrs. Helpful
40%
Enemy Redbear
40%
Virtua-Freddy
40%
Enemy Beartrap
30%
Blacklight Blacklight Nightmare Chica
30%
Blacklight Blacklight Rockstar Freddy
30%
Enemy Blacktrap
30%
Enemy Bubba
30%
Glamrock Glamrock Helpy
30%
High School Years High School Toy Freddy
30%
Glamrock Prototype Glamrock Freddy
30%
8-Bit Fredbear
20%
Freddy's Son
20%
Artificial Intelligence H.E.L.P.E.R.
20%
Enemy Ice Freddy
20%
Cameo Ignited Freddy
20%
Prototype Prototype Fredbear
20%
No matching quizzes found
Score Distribution
Percent of People with Each Score
Percentile by Number Answered
Your Score History
You have not taken this quiz since the last reset